000 00830nam a2200217 i 4500
001 157590
003 ES-MaACL
005 20251207155133.0
008 010523s1849 sp |||| | spa d
040 _aCAM
_bspa
_cCAM
080 _a821.134.2-31"18"
100 1 _aLesen y Moreno, José.
_9128901
245 1 3 _aLa corte y sus intrigas
_b: novela histórica original /
_cde José Lesen y Moreno ; publicada por J. Ruiz de Morales.
260 _aMadrid :
_b[s.n.],
_c1849 (
_fImprenta del Colegio de Sordo-Mudos y Ciegos)
300 _a352 p. :
_bil. ;
_c22 cm.
530 _aDisponible en formato digital.
700 2 _aRuíz de Morales, J.
_9132213
852 _aES-MaACL
_jG-9794
_z-- Enc. hol.
856 _uhttp://bdh-rd.bne.es/viewer.vm?id=0000140997&page=1
_zBiblioteca Digital Hispánica
999 _c157590
_d157590